000
00458nam a2200145Ia 4500
008
090122s9999 xx 000 0 und d
082
_b
9789
100
_a
भोसले
_b
राजन
245
_a
अथातो कामजिज्ञासा
600
_a
भोसले
630
_a
अथातो कामजिज्ञासा
700
_a
भोसले
730
_a
अथातो कामजिज्ञासा
942
_c
BOOK
999
_c
33866
_d
33866